000 00391nam a2200169Ia 4500
100 _aMalik/D.S/ Sen/M.K
650 _aDiscrete Mathematics
942 _cBK
366 _f23
654 _adiscreate
245 _aDiscrete Mathematics:Theory and applications
260 _bCengage Learning
_c2010
082 _a510
_bMAL
300 _a859
546 _aENGLISH
_cproduction
999 _c31016
_d31016